000 00373nam a2200133Ia 4500
008 240624s9999 xx 000 0 und d
041 _aeng
082 _a371.15 ZIR
100 _aZIRPOLI THOMAS J
245 _aBEHAVIOR MANAGEMENT APPLICATIONS FOR TEA
260 _c2005
_aNew Jersey
_bPearson Merrill Prentice Hall
300 _axix, : 550 : p. : cm. ; 23
365 _c
_b30
999 _c15385
_d15385